| 000 | 00712nam a2200253 i 4500 | ||
|---|---|---|---|
| 001 | 51486 | ||
| 003 | ES-MaACL | ||
| 005 | 20230906162355.0 | ||
| 007 | t| | ||
| 008 | 030813s1983 sp ||||1| spa d | ||
| 020 | _a84-254-1280-3 | ||
| 080 | _a159.923 | ||
| 080 | _a615.851 | ||
| 100 | 1 |
_aChevalier, Roberto. _938423 |
|
| 245 | 1 | 0 |
_aPsicogénesis, psicología y psicoterapia / _cRoberto Chevalier. |
| 260 |
_aBarcelona : _bHerder, _c1983. |
||
| 300 |
_a170 p. ; _c22 cm. |
||
| 490 | 1 |
_aBiblioteca de psicología ; _v11 |
|
| 650 | 4 |
_aPersonalidad. _915971 |
|
| 650 | 4 |
_aPsicoterapia. _916579 |
|
| 830 | 1 |
_aBiblioteca de psicología ; _v11 _9180745 |
|
| 852 | 4 |
_aES-MaACL _jL-4962 |
|
| 999 |
_c51486 _d51486 |
||